[Event "3rd EUR-ch"]
[Site "Batumi GEO"]
[Date "2002.06.13"]
[Round "2"]
[White "Yegiazarian, Arsen"]
[Black "Yagupov, Igor"]
[Result "0-1"]
[WhiteElo "2567"]
[BlackElo "2474"]
[EventDate "2002.06.12"]
[PlyCount "86"]

1.e4 c5 2.Nf3 d6 3.d4 Nf6 4.Nc3 cxd4 5.Nxd4 a6 6.Be2 e6 7.O-O Be7 8.f4 Qc7
9.a4 Nc6 10.Be3 O-O 11.Kh1 Re8 12.a5 Bf8 13.Nb3 Ne7 14.Bd3 Ng6 15.Na4 Bd7 
16.Nb6 Rad8 17.Qf3 Bc6 18.Nd4 d5 19.e5 Ne4 20.Nxc6 Qxc6 21.c4 Nh4 22.Qh3 
dxc4 23.Bc2 Nf5 24.Ba4 Qc7 25.Bxe8 Rd3 26.Rae1 Nxe3 27.Qxe3 Rxe3 28.Rxe3 
Nd2 29.Rc1 Bb4 30.Nxc4 Bxa5 31.Bxf7+ Kf8 32.Bxe6 b5 33.b3 Qc5 34.Re2 bxc4 
35.Bg4 Qa3 36.Rce1 c3 37.e6 Ke7 38.Bf5 Qb2 39.Re5 Bb6 40.Rd5 g6 41.Rd7+ 
Ke8 42.e7 gxf5 43.Rb7 Ne4 0-1

[Event "3rd EUR-ch"]
[Site "Batumi GEO"]
[Date "2002.06.13"]
[Round "2"]
[White "Gaprindashvili, Valerian"]
[Black "Jobava, Baadur"]
[Result "1/2-1/2"]
[WhiteElo "2476"]
[BlackElo "2566"]
[EventDate "2002.06.12"]
[PlyCount "95"]

1.Nf3 Nf6 2.e3 g6 3.b4 Bg7 4.Bb2 b6 5.c4 Bb7 6.Be2 d6 7.O-O Nbd7 8.d4 O-O 
9.Qb3 a5 10.a3 axb4 11.axb4 Rxa1 12.Bxa1 e5 13.dxe5 Ng4 14.Nc3 Ngxe5 15.
Nxe5 Nxe5 16.Nd5 c6 17.Nf4 Qe7 18.Rd1 Rd8 19.Bd4 Nd7 20.Bxg7 Kxg7 21.Qc3+ 
Qe5 22.Qd4 Qxd4 23.Rxd4 Nf6 24.c5 bxc5 25.bxc5 d5 26.Rb4 Bc8 27.Rb6 Bd7 
28.f3 Ra8 29.Ba6 Be8 30.Nd3 d4 31.e4 Nd7 32.Rxc6 Nxc5 33.Rxc5 Rxa6 34.Rd5 
Ra4 35.h4 Bc6 36.Rd6 Bb5 37.Nf4 h6 38.Kh2 Kf8 39.e5 g5 40.hxg5 hxg5 41.Nd5
Bf1 42.Kg1 Bd3 43.Nf6 Ke7 44.Nd5+ Ke8 45.Kf2 Bf5 46.g4 Be6 47.Nf6+ Ke7 48.
Kg3 1/2-1/2

[Event "3rd EUR-ch"]
[Site "Batumi GEO"]
[Date "2002.06.13"]
[Round "2"]
[White "Minasian, Ara"]
[Black "Socko, Bartosz"]
[Result "0-1"]
[WhiteElo "2473"]
[BlackElo "2564"]
[EventDate "2002.06.12"]
[PlyCount "94"]

1.c4 g6 2.Nc3 Bg7 3.Nf3 d6 4.g3 Nf6 5.Bg2 O-O 6.O-O a6 7.d4 Nc6 8.d5 Na5 
9.Nd2 c5 10.Rb1 Rb8 11.b3 b5 12.Bb2 bxc4 13.bxc4 e5 14.Qc2 Bh6 15.e3 Nh5 
16.Ba1 Rxb1 17.Rxb1 f5 18.Qb2 f4 19.exf4 exf4 20.Nce4 Bg7 21.Qb8 Bxa1 22.
Rxa1 Nb7 23.Rb1 Qe7 24.Rxb7 Bxb7 25.Qxd6 Qxd6 26.Nxd6 Bc8 27.N2e4 Rd8 28.
Nxc8 Rxc8 29.Bh3 Rb8 30.Nxc5 f3 31.Nb3 Nf6 32.Nd2 Rb2 33.Nxf3 Ne4 34.a4 
Kf8 35.Bc8 a5 36.Nd4 Rb4 37.Ba6 Rxa4 38.Ne6+ Ke7 39.f3 Nc3 40.Kf2 Rb4 41.
Nd4 Rb6 42.Bc8 a4 43.Ke3 a3 44.Nc2 a2 45.Kd4 Ne2+ 46.Ke5 Rb2 47.Na1 Rb1 
0-1

[Event "3rd EUR-ch"]
[Site "Batumi GEO"]
[Date "2002.06.13"]
[Round "2"]
[White "Izoria, Zviad"]
[Black "Shengelia, Davit"]
[Result "1/2-1/2"]
[WhiteElo "2556"]
[BlackElo "2415"]
[EventDate "2002.06.12"]
[PlyCount "31"]

1.d4 d5 2.c4 e6 3.Nf3 c6 4.Qc2 f5 5.g3 Nf6 6.Bg2 Be7 7.O-O O-O 8.b3 Nbd7 
9.Ba3 Bxa3 10.Nxa3 Ne4 11.Qb2 a5 12.Nc2 Nd6 13.c5 Nf7 14.Nce1 e5 15.dxe5 
Qe7 16.Nd3 1/2-1/2

[Event "3rd EUR-ch"]
[Site "Batumi GEO"]
[Date "2002.06.13"]
[Round "2"]
[White "Alexandrov, Alexei"]
[Black "Erdogan, Hakan"]
[Result "1-0"]
[WhiteElo "2654"]
[BlackElo "2233"]
[EventDate "2002.06.12"]
[PlyCount "63"]

1.d4 Nf6 2.c4 e6 3.Nc3 c5 4.d5 exd5 5.cxd5 d6 6.Nf3 g6 7.Bg5 Bg7 8.Nd2 O-O
9.e4 Na6 10.Be2 Nc7 11.a4 b6 12.O-O Qd7 13.f4 h6 14.Bh4 Ba6 15.Bxa6 Nxa6 
16.Nc4 Rfe8 17.e5 dxe5 18.fxe5 Nh7 19.Qe2 Nc7 20.Rad1 g5 21.Bg3 Nf8 22.Qh5
Ng6 23.e6 Nxe6 24.dxe6 Qxe6 25.Nd6 Rf8 26.Nf5 Rad8 27.Nxh6+ Bxh6 28.Qxh6 
Rxd1 29.Nxd1 Qe7 30.Re1 Qf6 31.Nc3 Rd8 32.h3 1-0

[Event "3rd EUR-ch"]
[Site "Batumi GEO"]
[Date "2002.06.13"]
[Round "2"]
[White "Kempinski, Robert"]
[Black "Chibukhchian, Artur"]
[Result "0-1"]
[WhiteElo "2570"]
[BlackElo "2379"]
[EventDate "2002.06.12"]
[PlyCount "86"]

1.d4 Nf6 2.c4 d6 3.Nf3 g6 4.Nc3 Bg7 5.g3 O-O 6.Bg2 c6 7.O-O Nbd7 8.e4 e5 
9.h3 a5 10.Re1 Re8 11.Rb1 Qc7 12.b3 h6 13.a3 exd4 14.Nxd4 Nc5 15.Bf4 Nh5 
16.Be3 Bd7 17.g4 Nf6 18.Bf4 Rad8 19.b4 axb4 20.axb4 Ne6 21.Nxe6 Bxe6 22.c5
Nxg4 23.Bxd6 Qc8 24.Na4 Nxf2 25.Kxf2 Bxh3 26.Rb3 Bxg2 27.Kxg2 Qe6 28.Nb6 
Be5 29.Rd3 Qf6 30.Nc4 Qg5+ 31.Kf1 Bxd6 32.Nxd6 Re6 33.Rf3 Qh5 34.Qb3 Qh1+ 
35.Ke2 Qg2+ 36.Rf2 Rxe4+ 37.Nxe4 Qxe4+ 38.Kf1 Qh1+ 39.Ke2 Re8+ 40.Kd3 Qh3+
41.Kd2 Qd7+ 42.Kc2 Rxe1 43.Qf3 Ra1 0-1

[Event "3rd EUR-ch"]
[Site "Batumi GEO"]
[Date "2002.06.13"]
[Round "2"]
[White "Gelashvili, Tamaz"]
[Black "Dovliatov, Sanan"]
[Result "0-1"]
[WhiteElo "2547"]
[BlackElo "2318"]
[EventDate "2002.06.12"]
[PlyCount "64"]

1.f4 d5 2.Nf3 g6 3.g3 Bg7 4.Bg2 Nf6 5.O-O O-O 6.d3 b6 7.Qe1 Bb7 8.h3 Nbd7 
9.g4 c5 10.Na3 Re8 11.Qf2 a6 12.c3 Qc7 13.Bd2 h6 14.Rae1 Rad8 15.Nc2 Nf8 
16.Bc1 e6 17.Qh4 d4 18.Bd2 dxc3 19.Bxc3 Nd5 20.Bxg7 Kxg7 21.f5 exf5 22.
gxf5 gxf5 23.Qf2 Ng6 24.Nh4 f4 25.Nf5+ Kh7 26.Bxd5 Rxd5 27.e4 Rxd3 28.h4 
Rg8 29.Kh2 Ne5 30.Qxf4 Ng4+ 31.Kh1 Rh3+ 32.Kg2 Nh2+ 0-1

[Event "3rd EUR-ch"]
[Site "Batumi GEO"]
[Date "2002.06.13"]
[Round "2"]
[White "Magalashvili, Davit"]
[Black "Supatashvili, Khvicha"]
[Result "0-1"]
[WhiteElo "2160"]
[BlackElo "2509"]
[EventDate "2002.06.12"]
[PlyCount "96"]

1.d4 Nf6 2.c4 e6 3.Nf3 b6 4.g3 Ba6 5.b3 Bb4+ 6.Bd2 Be7 7.Bg2 c6 8.Bc3 d5 
9.Ne5 O-O 10.Nd2 Nfd7 11.Nxd7 Nxd7 12.O-O f5 13.Rc1 Rc8 14.Bb2 Kh8 15.a3 
Nf6 16.Nf3 Ne4 17.Ne5 Bd6 18.f3 Nf6 19.e3 Qe7 20.Rf2 c5 21.Rfc2 cxd4 22.
exd4 dxc4 23.bxc4 Bxe5 24.dxe5 Nd7 25.f4 Nc5 26.Rd2 Bb7 27.Bxb7 Qxb7 28.
Rd6 Kg8 29.Bc3 Ne4 30.Rd7 Rc7 31.Rd8 Rxd8 32.Qxd8+ Kf7 33.Bb4 Rc8 34.Qd4 
Qc7 35.Rd1 Ke8 36.a4 a5 37.Ba3 Rd8 38.Bd6 Qc6 39.Rb1 Nc5 40.Qd1 Kf7 41.
Qh5+ Kg8 42.Qe2 Nxa4 43.Rc1 Nc5 44.Qe3 Ne4 45.c5 bxc5 46.Bxc5 Nxc5 47.Qxc5
Rd1+ 48.Kf2 Rxc1 0-1

[Event "3rd EUR-ch"]
[Site "Batumi GEO"]
[Date "2002.06.13"]
[Round "2"]
[White "Bagaturov, Giorgi"]
[Black "Maherramzade, Javad"]
[Result "1/2-1/2"]
[WhiteElo "2434"]
[BlackElo "2493"]
[EventDate "2002.06.12"]
[PlyCount "248"]

1.d4 Nf6 2.c4 e6 3.Nf3 b6 4.g3 Ba6 5.b3 Bb7 6.Bg2 Bb4+ 7.Bd2 a5 8.O-O O-O 
9.Qc2 Qe7 10.Bf4 Be4 11.Qb2 Bd6 12.Bxd6 cxd6 13.Nc3 d5 14.Na4 Qd8 15.c5 
bxc5 16.Nxc5 Na6 17.Rfc1 h6 18.Rc3 Nc7 19.Na4 Bxf3 20.Bxf3 Ne4 21.Rc2 f5 
22.Rac1 Nb5 23.e3 Nbd6 24.Nc5 g5 25.Qa3 g4 26.Nxe4 Nxe4 27.Bg2 Rf7 28.Rc7 
h5 29.R1c2 h4 30.Qc1 Qe7 31.Rc8+ Rxc8 32.Rxc8+ Kg7 33.Rb8 h3 34.Bf1 Rf8 
35.Rxf8 Qxf8 36.Qc7 Qd6 37.Qxa5 Qc6 38.Qb5 Qc7 39.a4 Kg6 40.a5 Qc2 41.Qe2 
Qxb3 42.a6 Qa3 43.f3 gxf3 44.Qxf3 Nd2 45.Qe2 Nxf1 46.Kxf1 Qa1+ 47.Kf2 Qh1 
48.Qf1 Qxh2+ 49.Kf3 Qa2 50.Qxh3 Qxa6 51.g4 fxg4+ 52.Qxg4+ Kf7 53.Qh5+ Ke7 
54.Qh4+ Kd6 55.Qd8 Qf1+ 56.Kg3 Qf5 57.Kg2 Qc2+ 58.Kf3 Qc7 59.Qf8+ Kc6 60.
Qc5+ Kb7 61.Qb5+ Kc8 62.Qa6+ Kd8 63.Qa3 Ke8 64.Qd3 Qc4 65.Qg6+ Kd8 66.Qg8+
Kc7 67.Qa8 Qb4 68.Qa7+ Kc8 69.Qa8+ Kc7 70.Qa7+ Qb7 71.Qa5+ Qb6 72.Qa8 Qc6 
73.Qa5+ Kc8 74.Qa3 d6 75.Kf4 Qc7 76.Qa8+ Kd7 77.Qa4+ Kd8 78.Qa8+ Kd7 79.
Qa4+ Ke7 80.Qa3 Qc2 81.Kf3 Qd1+ 82.Kf2 Qc2+ 83.Kf3 Qc7 84.Qd3 Kf6 85.Qb3 
Qd8 86.Qb7 Qf8 87.Qd7 Qe7 88.Qb5 Kg5 89.Kg3 Qh7 90.Qc6 Qh4+ 91.Kf3 Qh3+ 
92.Ke2 Qh2+ 93.Kd3 Qh7+ 94.Kd2 Qe7 95.Qc8 Kf6 96.Qh8+ Kf7 97.Qh7+ Ke8 98.
Qh8+ Kd7 99.Qa8 Qd8 100.Qb7+ Qc7 101.Qa8 Qc6 102.Qa7+ Kc8 103.Qh7 Qd7 104.
Qc2+ Kd8 105.Qg6 Kc7 106.Qc2+ Kb6 107.Qg6 Kb7 108.Qf6 Ka7 109.Qf1 Qc6 110.
Qa1+ Kb7 111.Qb1+ Ka7 112.Qg6 Qc8 113.Qd3 Qc6 114.Qg6 Qd7 115.Qf6 Kb6 116.
Qg6 Kc7 117.Qc2+ Kd8 118.Qg6 Qe8 119.Qf6+ Kc8 120.Ke1 Kc7 121.Qg7+ Kb6 
122.Qf6 Kc6 123.Qf1 Qa8 124.Qf6 Qc8 1/2-1/2

[Event "3rd EUR-ch"]
[Site "Batumi GEO"]
[Date "2002.06.13"]
[Round "2"]
[White "Macieja, Bartlomiej"]
[Black "Mamedyarova, Zeinab"]
[Result "1-0"]
[WhiteElo "2584"]
[BlackElo "2312"]
[EventDate "2002.06.12"]
[PlyCount "55"]

1.e4 e5 2.Nf3 Nf6 3.Nxe5 d6 4.Nf3 Nxe4 5.d4 d5 6.Bd3 Bd6 7.O-O O-O 8.c4 c6
9.Qc2 Na6 10.a3 Bg4 11.Ne5 Bxe5 12.dxe5 Nac5 13.f3 Nxd3 14.Qxd3 Nc5 15.Qd4
Nb3 16.Qxg4 Nxa1 17.Bh6 g6 18.Nc3 Nc2 19.Rf2 Re8 20.Rxc2 Rxe5 21.Qd4 f6 
22.Bf4 Re6 23.cxd5 cxd5 24.Nxd5 Qa5 25.Bd2 Qd8 26.Bc3 Rc8 27.Rd2 Kf7 28.
Qxa7 1-0

[Event "3rd EUR-ch"]
[Site "Batumi GEO"]
[Date "2002.06.13"]
[Round "2"]
[White "Guseinov, Gadir"]
[Black "Bayram, Yakup"]
[Result "1-0"]
[WhiteElo "2510"]
[BlackElo "2312"]
[EventDate "2002.06.12"]
[PlyCount "78"]

1.e4 e5 2.Nf3 Nc6 3.Bb5 Nf6 4.d3 d6 5.O-O Be7 6.c3 O-O 7.Re1 h6 8.Nbd2 a6 
9.Ba4 Nh7 10.d4 Bf6 11.Bxc6 bxc6 12.dxe5 Bxe5 13.Nxe5 dxe5 14.Nc4 Qe7 15.
Qa4 Rb8 16.Qxc6 Rd8 17.Qa4 Nf6 18.f3 Nh5 19.Be3 Nf4 20.Qc2 Bd7 21.a4 Be6 
22.Na5 Rd6 23.b4 Qd7 24.Red1 Rd8 25.Rxd6 Qxd6 26.Nb7 Qd3 27.Qxd3 Rxd3 28.
Bxf4 exf4 29.Nc5 Rxc3 30.Nxa6 g5 31.a5 f5 32.Nc5 Bc4 33.a6 Bxa6 34.Nxa6 
fxe4 35.fxe4 Kf7 36.Nc5 Kf6 37.h3 h5 38.Ra6+ Ke5 39.Rg6 f3 1-0

[Event "3rd EUR-ch"]
[Site "Batumi GEO"]
[Date "2002.06.13"]
[Round "2"]
[White "Mamedov, Nidjat"]
[Black "Yilmaz, Turhan"]
[Result "1-0"]
[WhiteElo "2463"]
[BlackElo "2303"]
[EventDate "2002.06.12"]
[PlyCount "85"]

1.e4 e5 2.Nf3 Nc6 3.Bb5 a6 4.Ba4 Nf6 5.O-O Be7 6.Re1 b5 7.Bb3 d6 8.c3 O-O 
9.h3 Re8 10.d3 Na5 11.Bc2 c5 12.Nbd2 Bf8 13.Nf1 g6 14.N3h2 Bg7 15.Qf3 Be6 
16.Be3 Rc8 17.a4 d5 18.axb5 axb5 19.Bg5 Nc6 20.Ne3 dxe4 21.dxe4 h6 22.Rad1
Qe7 23.Bh4 g5 24.Bg3 Nd7 25.Nd5 Qd8 26.Qe2 c4 27.Ng4 h5 28.Nge3 h4 29.Bh2 
Nd4 30.cxd4 exd4 31.Qh5 d3 32.Bb1 Bxb2 33.f4 Nc5 34.fxg5 Nxe4 35.g6 Bg7 
36.Qh7+ Kf8 37.gxf7 Bxf7 38.Nf5 Bd4+ 39.Nxd4 Qxd5 40.Nf5 Red8 41.Qh8+ Bg8 
42.Qg7+ Ke8 43.Qe7# 1-0

[Event "3rd EUR-ch"]
[Site "Batumi GEO"]
[Date "2002.06.13"]
[Round "2"]
[White "Erdogdu, Mert"]
[Black "Cheparinov, Ivan"]
[Result "1/2-1/2"]
[WhiteElo "2295"]
[BlackElo "2457"]
[EventDate "2002.06.12"]
[PlyCount "117"]

1.e4 c5 2.Nf3 Nc6 3.d4 cxd4 4.Nxd4 Nf6 5.Nc3 e5 6.Ndb5 d6 7.Bg5 a6 8.Na3 
b5 9.Nd5 Be7 10.Bxf6 Bxf6 11.c3 Ne7 12.Nxf6+ gxf6 13.g3 Bb7 14.Bg2 d5 15.
exd5 Bxd5 16.Bxd5 Qxd5 17.Qxd5 Nxd5 18.O-O-O O-O-O 19.c4 Nb4 20.cxb5 axb5 
21.Nxb5 Nd3+ 22.Kb1 Nxf2 23.Rc1+ Kb7 24.Rhf1 Rd2 25.Nd6+ Rxd6 26.Rxf2 Re8 
27.b3 e4 28.Re2 Re5 29.Rc4 f5 30.Kc2 Red5 31.a4 h5 32.b4 h4 33.Rc3 hxg3 
34.hxg3 Rd4 35.Kb3 Rd1 36.Rec2 Rb1+ 37.Rb2 Rxb2+ 38.Kxb2 f4 39.gxf4 Rf6 
40.Rc5 Rxf4 41.Re5 f5 42.Kc3 Rf1 43.a5 Kc7 44.b5 Ra1 45.b6+ Kc6 46.Rxf5 e3
47.Kd3 Ra3+ 48.Ke2 Kb7 49.Rb5 Ka8 50.b7+ Kb8 51.Kf3 e2+ 52.Kxe2 Ra2+ 53.
Ke3 Ra4 54.Kd3 Ra3+ 55.Kc4 Ra1 56.Kc5 Rc1+ 57.Kb6 Rc7 58.Ka6 Rc6+ 59.Rb6 
1/2-1/2

[Event "3rd EUR-ch"]
[Site "Batumi GEO"]
[Date "2002.06.13"]
[Round "2"]
[White "Kantaria, Mikheil"]
[Black "Babaev, Rashad"]
[Result "0-1"]
[WhiteElo "2259"]
[BlackElo "2430"]
[EventDate "2002.06.12"]
[PlyCount "96"]

1.d4 Nf6 2.c4 g6 3.g3 Bg7 4.Bg2 O-O 5.Nc3 d6 6.Nf3 Nc6 7.O-O a6 8.d5 Na5 
9.Nd2 c5 10.Qc2 Rb8 11.b3 b5 12.Rb1 e5 13.Bb2 Bd7 14.e4 Qc7 15.Nd1 bxc4 
16.bxc4 Bh6 17.f4 Nh5 18.Bf3 Ng7 19.Bg2 exf4 20.gxf4 Nh5 21.e5 Bf5 22.Be4 
Bh3 23.exd6 Qd7 24.Rf2 Bxf4 25.Qc3 Rxb2 26.Nxb2 Re8 27.Bf3 Be3 28.Qxa5 
Bxf2+ 29.Kxf2 Qxd6 30.Kg1 Qf4 31.Qc3 Qg5+ 32.Kh1 Re2 33.Ne4 Bg2+ 34.Kg1 
Rxe4 35.Bxg2 Nf4 36.Qf3 Re2 37.Nd3 Nxg2 38.Kh1 Rxa2 39.Nxc5 Nh4 40.Qh3 Qf4
41.Rf1 Rxh2+ 42.Kg1 Rxh3 43.Rxf4 Nf5 44.Nxa6 Rd3 45.Kf2 h5 46.Ke2 Ra3 47.
Nb4 h4 48.Rf1 Ng3+ 0-1

[Event "3rd EUR-ch"]
[Site "Batumi GEO"]
[Date "2002.06.13"]
[Round "2"]
[White "Arutinian, David"]
[Black "Gurcan, Selim"]
[Result "1-0"]
[WhiteElo "2427"]
[BlackElo "2283"]
[EventDate "2002.06.12"]
[PlyCount "81"]

1.e4 c5 2.Nf3 d6 3.d4 cxd4 4.Nxd4 Nf6 5.Nc3 e6 6.Be2 a6 7.O-O Be7 8.f4 Qc7
9.Be3 b5 10.Bf3 Bb7 11.e5 dxe5 12.Bxb7 Qxb7 13.fxe5 Nfd7 14.Qg4 g6 15.Qf4 
Rf8 16.a4 g5 17.Qe4 Qxe4 18.Nxe4 b4 19.Nxg5 Bxg5 20.Bxg5 Nxe5 21.Rae1 Nbc6
22.Nf5 f6 23.Ng7+ Ke7 24.Bh4 Rf7 25.Nh5 Nd7 26.g4 Raf8 27.Re4 a5 28.Rfe1 
e5 29.Rd1 Rc8 30.Ng3 Kf8 31.Nf5 Nc5 32.Rc4 Nb7 33.Nh6 Rfc7 34.Bxf6 Nd4 35.
Rxc7 Rxc7 36.Rf1 Ne2+ 37.Kf2 Rxc2 38.Ke3 Nc5 39.Bxe5+ Ke7 40.Rf2 Ke6 41.
Bg7 1-0

[Event "3rd EUR-ch"]
[Site "Batumi GEO"]
[Date "2002.06.13"]
[Round "2"]
[White "Priehoda, Vitezslav"]
[Black "Ipek, Ali"]
[Result "1-0"]
[WhiteElo "2425"]
[BlackElo "2263"]
[EventDate "2002.06.12"]
[PlyCount "102"]

1.e4 c5 2.Nf3 e6 3.b3 d6 4.Bb2 Nf6 5.e5 dxe5 6.Nxe5 Nbd7 7.f4 Be7 8.Bd3 
Qc7 9.Na3 a6 10.Qf3 O-O 11.Nac4 b5 12.Ne3 Bb7 13.Qg3 Nxe5 14.Bxe5 Qc6 15.
O-O Rad8 16.Qh4 h6 17.Rf3 Rfe8 18.Rg3 Kf8 19.Ng4 c4 20.bxc4 bxc4 21.Bf1 
Rxd2 22.Nxf6 Bxf6 23.Bxf6 gxf6 24.Qxf6 Qc5+ 25.Kh1 Qd4 26.Qxh6+ Ke7 27.c3 
Qe4 28.f5 Rf2 29.fxe6 fxe6 30.Qg5+ Kd6 31.Re3 Ref8 32.Kg1 Qf4 33.Qxf4+ 
R8xf4 34.Re2 Rxe2 35.Bxe2 Bd5 36.g3 Rf8 37.Rb1 Kc5 38.h4 e5 39.g4 e4 40.h5
e3 41.Rf1 Rg8 42.Kh2 Be4 43.Kg3 Bd3 44.Re1 Rf8 45.g5 Rf5 46.g6 Bxe2 47.
Rxe2 Rxh5 48.Kg4 Re5 49.g7 Re8 50.Kf5 Kd6 51.Kf6 Kd5 1-0

[Event "3rd EUR-ch"]
[Site "Batumi GEO"]
[Date "2002.06.13"]
[Round "2"]
[White "Dzhakaev, Dzhaka"]
[Black "Sulashvili, Malkhaz"]
[Result "0-1"]
[WhiteElo "2425"]
[BlackElo "2254"]
[EventDate "2002.06.12"]
[PlyCount "80"]

1.e4 c6 2.d4 d5 3.Nd2 dxe4 4.Nxe4 Nd7 5.Bc4 Ngf6 6.Ng5 e6 7.Qe2 Nb6 8.Bd3 
h6 9.N5f3 c5 10.Bf4 Nbd5 11.Be5 Qa5+ 12.c3 cxd4 13.Bxd4 Nf4 14.Bb5+ Nd7 
15.Bxd7+ Bxd7 16.Qe4 Bd6 17.g3 Bc6 18.Qc2 Nh3 19.Nxh3 Bxf3 20.Rg1 Bg4 21.
Nf4 e5 22.Ng6 exd4 23.Qe4+ Be6 24.Nxh8 dxc3 25.bxc3 Qxc3+ 26.Ke2 Qc4+ 27.
Qxc4 Bxc4+ 28.Kf3 Ke7 29.Rge1+ Be6 30.Nxf7 Kxf7 31.Rad1 Rd8 32.Re3 Bc7 33.
Rde1 Rd6 34.Kg2 b5 35.h4 b4 36.g4 Bd8 37.Rf3+ Kg8 38.Kg3 a5 39.Rfe3 Bxa2 
40.Re8+ Kf7 0-1

[Event "3rd EUR-ch"]
[Site "Batumi GEO"]
[Date "2002.06.13"]
[Round "2"]
[White "Asylguzhin, Radik"]
[Black "Klerides, Paris"]
[Result "1-0"]
[WhiteElo "2387"]
[BlackElo "2210"]
[EventDate "2002.06.12"]
[PlyCount "82"]

1.e4 d5 2.exd5 Qxd5 3.Nc3 Qa5 4.Nf3 Nf6 5.Be2 Bg4 6.O-O e6 7.h3 Bh5 8.a3 
Nbd7 9.Rb1 c5 10.d4 cxd4 11.Nxd4 Bxe2 12.Qxe2 Be7 13.Qf3 Qb6 14.Be3 Ne5 
15.Qg3 Nc4 16.Ndb5 Nxe3 17.fxe3 O-O 18.Kh1 Rad8 19.Nd4 Nd5 20.Nxd5 Rxd5 
21.c3 Bd6 22.Qf2 Bb8 23.e4 Qc7 24.Nf3 Rd3 25.Rbd1 Rfd8 26.Rxd3 Rxd3 27.Qe2
Qd6 28.e5 Qd5 29.Kg1 h6 30.Nd4 Rg3 31.Nf3 Bc7 32.Rd1 Qc6 33.Rd2 Qa4 34.Qd3
Qf4 35.Re2 Bb6+ 36.Kh1 a5 37.Qe4 Qc1+ 38.Kh2 f5 39.exf6 Kf8 40.Kxg3 g5 41.
Ne5 h5 1-0

[Event "3rd EUR-ch"]
[Site "Batumi GEO"]
[Date "2002.06.13"]
[Round "2"]
[White "Matnadze, Ana"]
[Black "Morchiashvili, Bachana"]
[Result "1/2-1/2"]
[WhiteElo "2365"]
[BlackElo "2167"]
[EventDate "2002.06.12"]
[PlyCount "140"]

1.d4 Nf6 2.g3 g6 3.Bg2 d5 4.Nf3 Bg7 5.O-O O-O 6.c4 dxc4 7.Na3 Nc6 8.Nxc4 
Be6 9.b3 Bd5 10.Bb2 a5 11.Ne3 Be4 12.a3 Qb8 13.Ne5 Bxg2 14.Kxg2 Rd8 15.
Nxc6 bxc6 16.Qc2 Qb7 17.Kg1 Rab8 18.Rab1 Qxb3 19.Qxc6 Rd6 20.Qxc7 Rd7 21.
Qc6 Rd6 22.Qc7 Rd7 23.Qc5 Qa2 24.Nc4 Rdd8 25.Nb6 Qe6 26.Ba1 Qh3 27.f3 Bh6 
28.d5 Nh5 29.Qf2 Nxg3 30.Qxg3 Be3+ 31.Kh1 Qxg3 32.hxg3 Rxb6 33.Rxb6 Bxb6 
34.Rb1 Rxd5 35.e4 Rd8 36.Bc3 Rd3 37.Be5 f6 38.Rxb6 fxe5 39.Kg2 Rxa3 40.Re6
Ra2+ 41.Kh3 Kf7 42.Rxe5 a4 43.Ra5 a3 44.Kg4 Ra1 45.Ra6 a2 46.Kf4 h6 47.g4 
h5 48.Kg5 h4 49.e5 e6 50.Ra7+ Ke8 51.Kf6 h3 52.Kxe6 Kd8 53.Rd7+ Kc8 54.Rd2
Kc7 55.f4 Rf1 56.Rc2+ Kb6 57.Rxa2 Rxf4 58.Rh2 Rf3 59.Ke7 Kc6 60.e6 Kd5 61.
Kd7 Ra3 62.e7 Ra7+ 63.Ke8 Ke6 64.Kf8 Rxe7 65.Re2+ Kf6 66.Rxe7 Kg5 67.Kf7 
Kxg4 68.Kxg6 h2 69.Re1 Kg3 70.Kf5 Kg2 1/2-1/2

[Event "3rd EUR-ch"]
[Site "Batumi GEO"]
[Date "2002.06.13"]
[Round "2"]
[White "Duman, Aydin"]
[Black "Haznedaroglu, Kivanc"]
[Result "1-0"]
[WhiteElo "2155"]
[BlackElo "2345"]
[EventDate "2002.06.12"]
[PlyCount "159"]

1.e4 c5 2.Nc3 Nc6 3.g3 g6 4.Bg2 Bg7 5.d3 d6 6.f4 Nf6 7.Nf3 O-O 8.O-O Rb8 
9.h3 b5 10.a3 a5 11.Be3 Ne8 12.d4 cxd4 13.Nxd4 Nxd4 14.Bxd4 Bd7 15.e5 dxe5
16.fxe5 Be6 17.Ba7 Bxe5 18.Bxb8 Qxb8 19.g4 Nf6 20.Kh1 Rd8 21.Qf3 b4 22.
axb4 Qxb4 23.Rab1 Rd2 24.Qe3 Qd4 25.Qxd4 Rxd4 26.Rfe1 Bb8 27.Ra1 h5 28.g5 
Nh7 29.Rxa5 Kg7 30.Rd1 Rf4 31.Rf1 Rd4 32.Rd1 Rf4 33.Ne2 Rb4 34.b3 Bc7 35.
Ra7 Be5 36.Ra5 Bc7 37.Rc5 Bb6 38.Re5 Bf5 39.Rd2 e6 40.Ng3 Nxg5 41.Nxf5+ 
gxf5 42.Re1 Kf6 43.Ra1 Be3 44.Rd3 f4 45.Ra4 Rb8 46.h4 Nh7 47.Ra8 Rb4 48.
Bf3 Kg6 49.Rg8+ Kh6 50.Rg2 Rb8 51.Rd7 Rf8 52.Rb7 Nf6 53.Rg5 Ra8 54.Rxf7 
Ra1+ 55.Kh2 Bd4 56.Rf8 Ra7 57.Rh8+ Rh7 58.Rxh7+ Kxh7 59.Bxh5 e5 60.Bg6+ 
Kh6 61.Bd3 e4 62.Bc4 f3 63.Kg3 Nh5+ 64.Kg4 Nf6+ 65.Kf4 Bb2 66.Rg1 Bc3 67.
Ke3 Ba5 68.Rg5 Bb6+ 69.Kd2 e3+ 70.Kd1 Ne4 71.Re5 Nc3+ 72.Ke1 Bd4 73.Rf5 
f2+ 74.Kf1 Ne4 75.Kg2 Nd6 76.Rd5 Nxc4 77.Rxd4 Na3 78.Rc4 Kh5 79.Rc3 Kxh4 
80.b4 1-0

[Event "3rd EUR-ch"]
[Site "Batumi GEO"]
[Date "2002.06.13"]
[Round "2"]
[White "Gassanov, Assif"]
[Black "Chigladze, Iveri"]
[Result "0-1"]
[WhiteElo "2319"]
[BlackElo "2149"]
[EventDate "2002.06.12"]
[PlyCount "104"]

1.e4 Nf6 2.e5 Nd5 3.d4 d6 4.Nf3 Bg4 5.Be2 Nc6 6.c4 Nb6 7.exd6 exd6 8.O-O 
Be7 9.Nc3 O-O 10.b3 d5 11.c5 Nc8 12.h3 Bxf3 13.Bxf3 Bf6 14.Bxd5 N8e7 15.
Bxc6 Nxc6 16.Be3 Bxd4 17.Bxd4 Qxd4 18.Qxd4 Nxd4 19.Rfd1 Rfd8 20.Kf1 a5 21.
Rac1 Kf8 22.Na4 h5 23.Rd3 Ne6 24.Rcd1 Ke7 25.Rd5 g6 26.g3 Rxd5 27.Rxd5 Rd8
28.Rxd8 Kxd8 29.Ke2 Kd7 30.Kd3 Kc6 31.Kc4 Ng5 32.Nb2 Nxh3 33.Nd3 f6 34.f4 
Ng1 35.b4 b5+ 36.cxb6 cxb6 37.bxa5 bxa5 38.f5 g5 39.Nf2 h4 40.gxh4 gxh4 
41.Ng4 h3 42.Kd4 Nf3+ 43.Ke3 h2 44.Nf2 Ne5 45.Kd4 Kb5 46.Ke4 Kc4 47.Nh1 a4
48.Kf4 a3 49.Kg3 Kc3 50.Nf2 Kb2 51.Kxh2 Kxa2 52.Ne4 Kb2 0-1

[Event "3rd EUR-ch"]
[Site "Batumi GEO"]
[Date "2002.06.14"]
[Round "3"]
[White "Baklan, Volodymyr"]
[Black "Sargissian, Gabriel"]
[Result "1/2-1/2"]
[WhiteElo "2618"]
[BlackElo "2538"]
[EventDate "2002.06.12"]
[PlyCount "43"]

1.e4 e5 2.Nf3 Nc6 3.d4 exd4 4.Nxd4 Bc5 5.Nb3 Bb4+ 6.Bd2 a5 7.a3 Bxd2+ 8.
Qxd2 Nf6 9.Nc3 O-O 10.Bb5 d6 11.O-O Bd7 12.Rfe1 Ne5 13.f4 Ng6 14.Bxd7 Qxd7
15.g3 Rfe8 16.Rad1 a4 17.Nd4 h5 18.Qg2 Rad8 19.Kh1 c6 20.h3 Qc8 21.Kh2 b5 
22.Qf3 1/2-1/2

[Event "3rd EUR-ch"]
[Site "Batumi GEO"]
[Date "2002.06.14"]
[Round "3"]
[White "Yagupov, Igor"]
[Black "Sulskis, Sarunas"]
[Result "1/2-1/2"]
[WhiteElo "2474"]
[BlackElo "2577"]
[EventDate "2002.06.12"]
[PlyCount "45"]

1.e4 e5 2.Nf3 Nc6 3.Bb5 a6 4.Ba4 Nf6 5.O-O Bc5 6.c3 b5 7.Bc2 d6 8.a4 Bg4 
9.h3 Bh5 10.d3 Rb8 11.axb5 axb5 12.b4 Bb6 13.Na3 Na7 14.Qe2 O-O 15.Be3 
Bxf3 16.Qxf3 h6 17.Bb3 Nc8 18.Nc2 c6 19.c4 bxc4 20.dxc4 Bxe3 21.Qxe3 Qb6 
22.Rfe1 Rd8 23.Qxb6 1/2-1/2

[Event "3rd EUR-ch"]
[Site "Batumi GEO"]
[Date "2002.06.14"]
[Round "3"]
[White "Mchedlishvili, Mikheil"]
[Black "Alexandrov, Alexei"]
[Result "1/2-1/2"]
[WhiteElo "2540"]
[BlackElo "2654"]
[EventDate "2002.06.12"]
[PlyCount "93"]

1.c4 e6 2.d4 Nf6 3.Nc3 Bb4 4.e3 O-O 5.Bd3 c5 6.Ne2 d5 7.cxd5 Nxd5 8.O-O 
cxd4 9.exd4 Nc6 10.Nxd5 exd5 11.Nf4 Bd6 12.Re1 Nb4 13.Bb1 Qf6 14.Nxd5 Nxd5
15.Qh5 Bxh2+ 16.Kxh2 Qd6+ 17.Kg1 h6 18.Qe5 Qd8 19.Qg3 Kh8 20.Bf4 Bd7 21.
Be5 Qg5 22.Qxg5 hxg5 23.Be4 Bc6 24.Bxd5 Bxd5 25.a3 Rfe8 26.Bd6 f6 27.Bb4 
Kg8 28.Rxe8+ Rxe8 29.Re1 Rc8 30.Bc3 Kf7 31.f3 b6 32.Kf2 a5 33.Rc1 Ke6 34.
Bd2 Rxc1 35.Bxc1 Kd6 36.g4 Kc6 37.f4 gxf4 38.Bxf4 g5 39.Bb8 Be6 40.Kf3 Bb3
41.Kf2 Bd5 42.Kg3 Bb3 43.Kf2 a4 44.Kg3 Bd1 45.d5+ Kxd5 46.Bc7 b5 47.Ba5 
1/2-1/2

[Event "3rd EUR-ch"]
[Site "Batumi GEO"]
[Date "2002.06.14"]
[Round "3"]
[White "Supatashvili, Khvicha"]
[Black "Anastasian, Ashot"]
[Result "1-0"]
[WhiteElo "2509"]
[BlackElo "2591"]
[EventDate "2002.06.12"]
[PlyCount "121"]

1.d4 Nf6 2.c4 e6 3.Nf3 b6 4.e3 Bb7 5.Nc3 Bb4 6.Bd3 c5 7.O-O Bxc3 8.bxc3 d6
9.Qc2 Nc6 10.e4 e5 11.d5 Ne7 12.Nh4 Ng6 13.Nf5 O-O 14.g3 Bc8 15.f3 Re8 16.
Ne3 a6 17.Rb1 Rb8 18.Rf2 Bd7 19.Qd1 h5 20.h4 Qc7 21.Rfb2 Rb7 22.Qe2 Rbb8 
23.Rb3 Rb7 24.R3b2 Ne7 25.Ng2 Ng6 26.Bd2 Reb8 27.Kh2 Qc8 28.Ne3 Ne7 29.Qg2
b5 30.Qf1 bxc4 31.Rxb7 Rxb7 32.Nxc4 Ne8 33.Nb6 Qd8 34.Nxd7 Rxd7 35.Bxa6 
Ra7 36.Bc4 f5 37.Bg5 Nf6 38.exf5 Nxf5 39.Qd3 g6 40.Rb2 Rf7 41.Rg2 Qd7 42.
Bb5 Qc8 43.Bxf6 Rxf6 44.a4 Qd8 45.Ra2 Qa5 46.Bd7 Kh7 47.Bxf5 gxf5 48.Qd2 
f4 49.Qd3+ Kh8 50.gxf4 Qd8 51.f5 Qf8 52.Rb2 Qh6 53.Qe4 Qc1 54.Rc2 Qa1 55.
f4 Qf1 56.fxe5 Rxf5 57.exd6 Rf2+ 58.Rxf2 Qxf2+ 59.Kh3 Qf1+ 60.Kg3 Qg1+ 61.
Kf4 1-0

[Event "3rd EUR-ch"]
[Site "Batumi GEO"]
[Date "2002.06.14"]
[Round "3"]
[White "Kacheishvili, Giorgi"]
[Black "Riazantsev, Alexander"]
[Result "1/2-1/2"]
[WhiteElo "2584"]
[BlackElo "2527"]
[EventDate "2002.06.12"]
[PlyCount "31"]

1.d4 Nf6 2.c4 e6 3.Nc3 Bb4 4.Qc2 c5 5.dxc5 O-O 6.a3 Bxc5 7.Nf3 Nc6 8.Bg5 
b6 9.e3 Be7 10.Be2 Bb7 11.O-O h6 12.Bh4 Rc8 13.Rfd1 Na5 14.b3 d5 15.Qb2 
Qe8 16.cxd5 1/2-1/2